[Event "Qatar Masters Open 2014"]
[Site "Doha QAT"]
[Date "2014.12.01"]
[Round "6.30"]
[White "Debashis, Das"]
[Black "Sargissian, Gabriel"]
[Result "1-0"]
[WhiteElo "2485"]
[BlackElo "2687"]
[PlyCount "151"]
[EventDate "2014.11.26"]
[EventType "swiss"]
[EventRounds "9"]
[EventCountry "QAT"]
[Source "lmi"]
[SourceDate "2014.11.26"]

1. d4 Nf6 2. c4 e6 3. Nc3 d5 4. Nf3 Nbd7 5. Bg5 Be7 6. e3 O-O 7. Rc1 a6 8. cxd5
exd5 9. Bd3 c6 10. h3 Ne4 11. Bf4 Ndf6 12. O-O Bf5 13. Ne5 Re8 14. Be2 Nxc3 15.
Rxc3 Ne4 16. Rc1 Qb6 17. f3 Nd6 18. Qd2 a5 19. Rfd1 a4 20. Bf1 f6 21. Ng4 Bg6
22. a3 Bf8 23. Nf2 Qa5 24. Qxa5 Rxa5 25. Re1 Bf7 26. Nd1 g5 27. Bh2 Bg6 28. Nc3
Kf7 29. Kf2 h5 30. g4 hxg4 31. hxg4 Raa8 32. Rcd1 Bc2 33. Rc1 Bb3 34. Bd3 Nc4
35. Re2 b5 36. Nb1 b4 37. axb4 Bxb4 38. e4 Rad8 39. Kf1 Rh8 40. Kg1 Rh3 41.
exd5 cxd5 42. Kg2 Rdh8 43. Bg3 Rxg3+ 44. Kxg3 Bd6+ 45. Kg2 Nxb2 46. Bb5 Nc4 47.
Kg1 Bb4 48. Nc3 Bxc3 49. Rxc3 Rb8 50. Bc6 Rd8 51. Kf2 Rd6 52. Be8+ Kf8 53. Bh5
Rb6 54. Re8+ Kg7 55. Re7+ Kf8 56. Rf7+ Kg8 57. Ra7 Kf8 58. Rc1 Re6 59. Bf7 Re7
60. Rxe7 Kxe7 61. Bxd5 Nb2 62. Be4 a3 63. Ke2 a2 64. Kd2 Bg8 65. Kc3 Na4+ 66.
Kb4 Nb6 67. Rc7+ Kd6 68. Ra7 Be6 69. Ra6 Kc7 70. Kc5 Nd7+ 71. Kb5 Nb8 72. Ra8
Kd6 73. Kb4 Nc6+ 74. Kc3 Ne7 75. Ra6+ Kd7 76. Kb2 1-0

[Event "Qatar Masters Open 2014"]
[Site "Doha QAT"]
[Date "2014.12.01"]
[Round "6.31"]
[White "Melkumyan, Hrant"]
[Black "Halkias, Stelios"]
[Result "1/2-1/2"]
[WhiteElo "2678"]
[BlackElo "2519"]
[PlyCount "130"]
[EventDate "2014.11.26"]
[EventType "swiss"]
[EventRounds "9"]
[EventCountry "QAT"]
[Source "lmi"]
[SourceDate "2014.11.26"]

1. d4 d5 2. c4 dxc4 3. e3 Nf6 4. Bxc4 e6 5. Nf3 a6 6. O-O b5 7. Bd3 Bb7 8. a4
b4 9. Nbd2 c5 10. e4 Nc6 11. e5 Nd7 12. Be4 Qc7 13. Nc4 cxd4 14. Bf4 Nf6 15.
Bxc6+ Bxc6 16. Qxd4 Rd8 17. exf6 Rxd4 18. Bxc7 Rxc4 19. Ne5 Rc2 20. Rfc1 Rxc1+
21. Rxc1 Bb7 22. Ba5 Bd6 23. Rd1 Bd5 24. fxg7 Rg8 25. Ng4 Be7 26. Bxb4 Rxg7 27.
Rd4 f5 28. Ne3 Bf6 29. Rd2 Rc7 30. Kf1 Bb3 31. a5 Rd7 32. Rxd7 Kxd7 33. Bc3
Bxc3 34. bxc3 Kc6 35. Ke2 Kb5 36. Kd2 Kxa5 37. Kc1 Kb5 38. f4 Kc5 39. Kb2 Ba4
40. h3 h5 41. h4 Bb5 42. Kb3 Bc6 43. g3 Bd7 44. Kc2 Bb5 45. Kb2 Bd7 46. Kb3 Bc6
47. Kc2 Bb5 48. Kd2 Bc6 49. Kc1 Ba4 50. Kb2 Bb5 51. Kc2 Ba4+ 52. Kd3 Bb3 53.
Kd2 Ba4 54. Kc1 Bb5 55. Nc2 Kd5 56. Nd4 Ke4 57. Nxe6 Kf3 58. Ng7 Kxg3 59. Nxh5+
Kxh4 60. Nf6 Kg3 61. Nd5 Kf3 62. c4 Bxc4 63. Ne7 Ke4 64. Kb2 Kxf4 65. Nxf5 Kxf5
1/2-1/2

[Event "Qatar Masters Open 2014"]
[Site "Doha QAT"]
[Date "2014.12.01"]
[Round "6.34"]
[White "Mchedlishvili, Mikheil"]
[Black "Gomez, John Paul"]
[Result "1/2-1/2"]
[WhiteElo "2622"]
[BlackElo "2510"]
[PlyCount "102"]
[EventDate "2014.11.26"]
[EventType "swiss"]
[EventRounds "9"]
[EventCountry "QAT"]
[Source "lmi"]
[SourceDate "2014.11.26"]

1. e4 e5 2. Nf3 Nc6 3. Bb5 Nf6 4. d3 d6 5. O-O a6 6. Bxc6+ bxc6 7. d4 exd4 8.
Nxd4 c5 9. Nc6 Qd7 10. Na5 Be7 11. Nc3 O-O 12. h3 Rb8 13. b3 c6 14. Bf4 Rb4 15.
a3 Rd4 16. Qe1 d5 17. Be3 Bd8 18. Na4 Rxa4 19. bxa4 Nxe4 20. f3 Ng5 21. Bxc5
Re8 22. Qd2 Re6 23. h4 Nh3+ 24. gxh3 Rg6+ 25. Kh1 Bxa5 26. Qe2 Qxh3+ 27. Qh2
Qf5 28. Bb4 Bd8 29. Rae1 Be6 30. Bd2 h5 31. Bf4 Bf6 32. Be5 d4 33. Bxf6 Qxf6
34. Re4 Bd5 35. Rf4 Qe6 36. Rg1 Rxg1+ 37. Qxg1 Qh3+ 38. Qh2 Qf1+ 39. Qg1 Qh3+
40. Qh2 Qf1+ 41. Qg1 Bxf3+ 42. Kh2 Qe2+ 43. Kg3 Be4 44. Qf2 Qxf2+ 45. Rxf2 f5
46. Kf4 Kf7 47. Ke5 c5 48. a5 Ke7 49. Rd2 Kf7 50. Rf2 Ke7 51. Rd2 Kf7 1/2-1/2

[Event "Qatar Masters Open 2014"]
[Site "Doha QAT"]
[Date "2014.12.01"]
[Round "6.35"]
[White "Ganguly, Surya Shekhar"]
[Black "Danielian, Elina"]
[Result "0-1"]
[WhiteElo "2615"]
[BlackElo "2487"]
[PlyCount "86"]
[EventDate "2014.11.26"]
[EventType "swiss"]
[EventRounds "9"]
[EventCountry "QAT"]
[Source "lmi"]
[SourceDate "2014.11.26"]

1. d4 Nf6 2. c4 e6 3. Nf3 c5 4. d5 exd5 5. cxd5 d6 6. Nc3 g6 7. g3 a6 8. a4 Bg7
9. Bg2 O-O 10. O-O Re8 11. Bf4 h6 12. Re1 Bf5 13. Qc1 g5 14. Bd2 Nbd7 15. h4 g4
16. Nh2 h5 17. Bg5 Bg6 18. Nf1 Qc7 19. Ne3 c4 20. Qd1 Rac8 21. a5 b5 22. axb6
Qxb6 23. Ra2 Qb3 24. Bf4 Nc5 25. Ra3 Qxb2 26. Qc1 Qxc1 27. Rxc1 Nb3 28. Re1 Nd7
29. Ned1 Ne5 30. Rxa6 Nd3 31. Rf1 Nxf4 32. gxf4 Bc2 33. Ne3 Bxc3 34. Nxc2 Rxe2
35. Ne3 Bd4 36. Rc6 Rd8 37. Nxc4 Bc5 38. Ra6 Nd4 39. Ne3 g3 40. Nd1 Nf5 41. Bf3
Rd2 42. Bxh5 gxf2+ 43. Kh2 Re8 0-1

[Event "Qatar Masters Open 2014"]
[Site "Doha QAT"]
[Date "2014.12.01"]
[Round "6.36"]
[White "Zhukova, Natalia"]
[Black "Socko, Bartosz"]
[Result "1-0"]
[WhiteElo "2470"]
[BlackElo "2614"]
[PlyCount "121"]
[EventDate "2014.11.26"]
[EventType "swiss"]
[EventRounds "9"]
[EventCountry "QAT"]
[Source "lmi"]
[SourceDate "2014.11.26"]

1. d4 Nf6 2. c4 g6 3. Nc3 Bg7 4. e4 d6 5. f3 O-O 6. Bg5 a6 7. Qd2 c6 8. a4 a5
9. Bd3 e5 10. d5 Na6 11. Rd1 Qc7 12. Nge2 Ne8 13. Bb1 f5 14. dxc6 Qxc6 15. Nd5
Kh8 16. h4 f4 17. h5 gxh5 18. Rxh5 Rf7 19. Ne7 Qc5 20. Ng6+ Kg8 21. Ne7+ Kh8
22. Ng6+ Kg8 23. Ne7+ Kf8 24. Nxc8 Rxc8 25. Bxf4 Nb4 26. Be3 Qxc4 27. Rxh7 Qe6
28. Nc3 Qg6 29. Rh3 Bf6 30. Bh6+ Bg7 31. Nb5 Rc6 32. Qg5 Qf6 33. Qxf6 Rxf6 34.
Be3 Rg6 35. Kf2 Ke7 36. Nc3 Kd7 37. Rdh1 Rc4 38. Bb6 Nc6 39. Nd5 Rxa4 40. Bc2
Ra2 41. Rb1 a4 42. Nc3 Nb4 43. Bxa4+ Rxa4 44. Nxa4 Nd3+ 45. Kf1 Kc6 46. Be3 Kb5
47. Nc3+ Kc4 48. Nd5 Kb3 49. Ra1 Kxb2 50. Ra8 Re6 51. Rb8 Nc5 52. Rh7 Kc2 53.
Ke2 Nb3 54. Rxb7 Nd4+ 55. Bxd4 exd4 56. Rhxg7 d3+ 57. Ke3 Nxg7 58. Rxg7 d2 59.
Rc7+ Kd1 60. Kf2 Rxe4 61. Nc3+ 1-0

[Event "Qatar Masters Open 2014"]
[Site "Doha QAT"]
[Date "2014.12.01"]
[Round "6.37"]
[White "Georgiadis, Nico"]
[Black "Ipatov, Alexander"]
[Result "1-0"]
[WhiteElo "2460"]
[BlackElo "2608"]
[PlyCount "59"]
[EventDate "2014.11.26"]
[EventType "swiss"]
[EventRounds "9"]
[EventCountry "QAT"]
[Source "lmi"]
[SourceDate "2014.11.26"]

1. e4 e5 2. Nf3 Nc6 3. Bb5 a6 4. Ba4 Nge7 5. c3 g6 6. d4 exd4 7. cxd4 b5 8. Bb3
Bg7 9. d5 Na5 10. Bd2 c5 11. Bc3 Bxc3+ 12. Nxc3 d6 13. O-O Bg4 14. h3 Bxf3 15.
Qxf3 O-O 16. Rfe1 b4 17. Ne2 Nc8 18. Ng3 Nb6 19. e5 c4 20. Bc2 dxe5 21. Rad1
Nd7 22. d6 Rc8 23. Nf5 Nc6 24. Be4 gxf5 25. Bxf5 Kh8 26. Bxd7 Nd4 27. Rxd4 exd4
28. Re7 Rc5 29. Qf6+ Kg8 30. Be6 1-0

[Event "Qatar Masters Open 2014"]
[Site "Doha QAT"]
[Date "2014.12.01"]
[Round "6.38"]
[White "Anton Guijarro, David"]
[Black "Harika, Dronavalli"]
[Result "1/2-1/2"]
[WhiteElo "2607"]
[BlackElo "2505"]
[PlyCount "72"]
[EventDate "2014.11.26"]
[EventType "swiss"]
[EventRounds "9"]
[EventCountry "QAT"]
[Source "lmi"]
[SourceDate "2014.11.26"]

1. Nf3 Nf6 2. c4 g6 3. Nc3 d5 4. cxd5 Nxd5 5. Qb3 Nb6 6. d4 Bg7 7. e4 Bg4 8.
Bb5+ c6 9. Ng5 O-O 10. Be2 Bxe2 11. Nxe2 c5 12. dxc5 N6d7 13. Qxb7 Qa5+ 14. Bd2
Qa6 15. c6 Qxc6 16. Qxc6 Nxc6 17. Rc1 Rac8 18. b3 Nce5 19. O-O Nd3 20. Rxc8
Rxc8 21. Be3 Rc2 22. Nc1 Nxc1 23. Rxc1 Rxa2 24. Kf1 h6 25. Rc8+ Nf8 26. Nf3 a5
27. Ra8 Rb2 28. Nd2 g5 29. Rc8 Kh7 30. Rc5 Ng6 31. g3 Ra2 32. Nc4 a4 33. bxa4
Rxa4 34. Kg2 Ra2 35. h3 Rc2 36. Nb6 Rxc5 1/2-1/2

[Event "Qatar Masters Open 2014"]
[Site "Doha QAT"]
[Date "2014.12.01"]
[Round "6.40"]
[White "Miton, Kamil"]
[Black "Huang, Qian"]
[Result "1/2-1/2"]
[WhiteElo "2601"]
[BlackElo "2464"]
[PlyCount "60"]
[EventDate "2014.11.26"]
[EventType "swiss"]
[EventRounds "9"]
[EventCountry "QAT"]
[Source "lmi"]
[SourceDate "2014.11.26"]

1. Nf3 c5 2. c4 Nc6 3. Nc3 g6 4. e3 Bg7 5. d4 d6 6. d5 Ne5 7. Nxe5 Bxe5 8. Be2
f5 9. Bd2 Bg7 10. h4 Nf6 11. h5 O-O 12. hxg6 hxg6 13. Qc2 e6 14. O-O-O exd5 15.
Nxd5 Nxd5 16. cxd5 b5 17. Rh2 b4 18. Rdh1 Qf6 19. Bc4 Bd7 20. Rh7 Kf7 21. Kb1
Rh8 22. Rxh8 Bxh8 23. Bc1 Bg7 24. Qd3 Rb8 25. Ba6 Kg8 26. Qc4 Rb6 27. Qd3 Rb8
28. Qc4 Rb6 29. Qd3 Rb8 30. Qc4 Rb6 1/2-1/2

[Event "Qatar Masters Open 2014"]
[Site "Doha QAT"]
[Date "2014.12.01"]
[Round "6.42"]
[White "Batsiashvili, Nino"]
[Black "Wen, Yang"]
[Result "0-1"]
[WhiteElo "2442"]
[BlackElo "2586"]
[PlyCount "64"]
[EventDate "2014.11.26"]
[EventType "swiss"]
[EventRounds "9"]
[EventCountry "QAT"]
[Source "lmi"]
[SourceDate "2014.11.26"]

1. d4 d6 2. Nf3 Nf6 3. g3 g6 4. Bg2 Bg7 5. O-O O-O 6. c4 Nc6 7. Nc3 a6 8. Bf4
Bd7 9. Rc1 Re8 10. Nd5 Ne4 11. Nc3 Nf6 12. Nd5 Ne4 13. Nc3 e5 14. dxe5 Nxc3 15.
Rxc3 dxe5 16. Bg5 f6 17. Be3 e4 18. Nd4 f5 19. Qd2 Nxd4 20. Bxd4 Ba4 21. e3 c5
22. Ra3 b5 23. b3 cxd4 24. bxa4 Bf8 25. Rb3 bxc4 26. Rb7 d3 27. Qc3 Rc8 28. f3
Qd5 29. Ra7 Qe5 30. Qxe5 Rxe5 31. fxe4 c3 32. exf5 c2 0-1

[Event "Qatar Masters Open 2014"]
[Site "Doha QAT"]
[Date "2014.12.01"]
[Round "6.43"]
[White "Ju, Wenjun"]
[Black "Thejkumar, M. S."]
[Result "1/2-1/2"]
[WhiteElo "2582"]
[BlackElo "2443"]
[PlyCount "61"]
[EventDate "2014.11.26"]
[EventType "swiss"]
[EventRounds "9"]
[EventCountry "QAT"]
[Source "lmi"]
[SourceDate "2014.11.26"]

1. e4 c6 2. Nc3 d5 3. Nf3 Bg4 4. h3 Bxf3 5. Qxf3 e6 6. d3 Bb4 7. Bd2 d4 8. Nb1
Qb6 9. Be2 Nf6 10. O-O O-O 11. Bc1 Nbd7 12. Qg3 Kh8 13. a3 Be7 14. Nd2 a5 15.
f4 a4 16. Kh1 c5 17. e5 Nd5 18. Ne4 Qc7 19. c4 dxc3 20. bxc3 c4 21. dxc4 N5b6
22. f5 Qxe5 23. Qxe5 Nxe5 24. c5 Nbd7 25. fxe6 Nxc5 26. Nxc5 Bxc5 27. exf7 Rxf7
28. Rxf7 Nxf7 29. Bf4 Nd6 30. Bxd6 Bxd6 31. Bb5 1/2-1/2

[Event "Qatar Masters Open 2014"]
[Site "Doha QAT"]
[Date "2014.12.01"]
[Round "6.45"]
[White "Gopal, G.N."]
[Black "Sundararajan, Kidambi"]
[Result "1-0"]
[WhiteElo "2580"]
[BlackElo "2415"]
[PlyCount "95"]
[EventDate "2014.11.26"]
[EventType "swiss"]
[EventRounds "9"]
[EventCountry "QAT"]
[Source "lmi"]
[SourceDate "2014.11.26"]

1. e4 e5 2. Nf3 Nc6 3. Bb5 a6 4. Ba4 Nf6 5. O-O Nxe4 6. d4 b5 7. Bb3 d5 8. dxe5
Be6 9. Nbd2 Nc5 10. c3 Bg4 11. Bc2 Qd7 12. Re1 Be7 13. Nf1 Rd8 14. Ne3 Bh5 15.
Nf5 O-O 16. Ng3 Bg6 17. Be3 Rfe8 18. h4 Qg4 19. h5 Bxc2 20. Qxc2 Ne4 21. Nh2
Qh4 22. Nf5 Qxh5 23. g4 Qg6 24. f3 Nxe5 25. fxe4 Nxg4 26. Nxg4 Qxg4+ 27. Qg2
Qxg2+ 28. Kxg2 dxe4 29. a4 Bf8 30. axb5 axb5 31. Red1 g6 32. Rxd8 Rxd8 33. Nd4
f5 34. Ra7 b4 35. Rxc7 bxc3 36. bxc3 Bd6 37. Ra7 Rc8 38. Ne6 Be5 39. Bd4 Bxd4
40. cxd4 Rc2+ 41. Kg3 h5 42. Rg7+ Kh8 43. Rxg6 e3 44. Kf3 e2 45. Kf2 h4 46.
Rh6+ Kg8 47. Rxh4 Rd2 48. Ke1 1-0

[Event "Qatar Masters Open 2014"]
[Site "Doha QAT"]
[Date "2014.12.01"]
[Round "6.46"]
[White "Sardana, Rishi"]
[Black "Gabuzyan, Hovhannes"]
[Result "0-1"]
[WhiteElo "2415"]
[BlackElo "2565"]
[PlyCount "132"]
[EventDate "2014.11.26"]
[EventType "swiss"]
[EventRounds "9"]
[EventCountry "QAT"]
[Source "lmi"]
[SourceDate "2014.11.26"]

1. e4 c5 2. Nf3 d6 3. d4 cxd4 4. Nxd4 Nf6 5. Nc3 a6 6. h3 e5 7. Nde2 h5 8. g3
Be6 9. Bg2 Nbd7 10. O-O Rc8 11. Bg5 b5 12. Qd2 Be7 13. a3 Qb6 14. b3 O-O 15.
Kh1 a5 16. f4 b4 17. axb4 axb4 18. Na4 Qb5 19. f5 Nxe4 20. Bxe4 Bxg5 21. Qxg5
Qxe2 22. Rae1 Qxe4+ 23. Rxe4 Bd5 24. f6 Bxe4+ 25. Kg1 Bg6 26. fxg7 Kxg7 27. Qe7
Rfd8 28. Qxd6 e4 29. Rd1 e3 30. Qd4+ Kh7 31. Qxe3 Re8 32. Qf4 Rxc2 33. Rd2 Rc1+
34. Kg2 Ree1 35. Rxd7 Rg1+ 36. Kf2 Rgf1+ 37. Kg2 Rxf4 38. gxf4 h4 39. f5 Rc2+
40. Kg1 Bxf5 41. Rd4 Kg6 42. Rxh4 Kg5 43. Rxb4 Bxh3 44. Rc4 Rg2+ 45. Kh1 f5 46.
Nc5 Re2 47. Nd3 Rd2 48. Ne5 Bg2+ 49. Kg1 Bd5 50. Rc3 Ra2 51. Nd3 Kh4 52. Nb4
Rg2+ 53. Kf1 Be4 54. Re3 Rb2 55. Rc3 f4 56. Nd3 Rc2 57. Nf2 Rxc3 58. Nxe4 Rxb3
59. Kf2 Re3 60. Nf6 Re6 61. Nd5 Kg4 62. Nc3 f3 63. Nd1 Re2+ 64. Kf1 Kg3 65. Nc3
Re8 66. Nd1 Ra8 0-1

[Event "Qatar Masters Open 2014"]
[Site "Doha QAT"]
[Date "2014.12.01"]
[Round "6.47"]
[White "Ghaem Maghami, Ehsan"]
[Black "Gagare, Shardul"]
[Result "1/2-1/2"]
[WhiteElo "2559"]
[BlackElo "2411"]
[PlyCount "60"]
[EventDate "2014.11.26"]
[EventType "swiss"]
[EventRounds "9"]
[EventCountry "QAT"]
[Source "lmi"]
[SourceDate "2014.11.26"]

1. d4 d5 2. Nf3 Nf6 3. c4 dxc4 4. e3 a6 5. Bxc4 e6 6. O-O c5 7. Bd3 Nc6 8. Nc3
cxd4 9. exd4 Be7 10. a3 O-O 11. Be3 b5 12. Ne4 Nd5 13. Qe2 Qb6 14. Rac1 Ra7 15.
Rc2 Rd7 16. Rfc1 Bb7 17. Nc5 Bxc5 18. Rxc5 Nce7 19. Ne5 Rdd8 20. Qh5 g6 21. Qh6
Qd6 22. Bg5 Rc8 23. Rxc8 Bxc8 24. h4 Bb7 25. h5 Nf5 26. Bxf5 exf5 27. Rd1 Qc7
28. Rc1 Qd6 29. Rc5 Qe6 30. Rc1 Qd6 1/2-1/2

[Event "Qatar Masters Open 2014"]
[Site "Doha QAT"]
[Date "2014.12.01"]
[Round "6.48"]
[White "Konguvel, Ponnuswamy"]
[Black "Indjic, Aleksandar"]
[Result "0-1"]
[WhiteElo "2347"]
[BlackElo "2538"]
[PlyCount "68"]
[EventDate "2014.11.26"]
[EventType "swiss"]
[EventRounds "9"]
[EventCountry "QAT"]
[Source "lmi"]
[SourceDate "2014.11.26"]

1. e4 c5 2. Nf3 a6 3. c4 d6 4. d4 Nf6 5. Nc3 cxd4 6. Nxd4 e6 7. Be2 b6 8. Be3
Bb7 9. f3 Be7 10. O-O O-O 11. Qd2 Nbd7 12. Rfd1 Rc8 13. Rac1 Qc7 14. Kh1 Qb8
15. b4 h5 16. Na4 h4 17. Bd3 Rfe8 18. Qf2 h3 19. Nb3 hxg2+ 20. Qxg2 Ba8 21. Qf2
d5 22. exd5 exd5 23. cxd5 Rxc1 24. Bxc1 Bxd5 25. Nc3 Ng4 26. Qg3 Bxf3+ 27. Kg1
Qxg3+ 28. hxg3 Bxd1 29. Nxd1 Bxb4 30. Nf2 Bc5 31. Nxc5 Re1+ 32. Bf1 Nxc5 33.
Bd2 Rxf1+ 34. Kxf1 Nxf2 0-1

[Event "Qatar Masters Open 2014"]
[Site "Doha QAT"]
[Date "2014.12.01"]
[Round "6.49"]
[White "Gao, Rui"]
[Black "Xu, Yinglun"]
[Result "1/2-1/2"]
[WhiteElo "2523"]
[BlackElo "2410"]
[PlyCount "60"]
[EventDate "2014.11.26"]
[EventType "swiss"]
[EventRounds "9"]
[EventCountry "QAT"]
[Source "lmi"]
[SourceDate "2014.11.26"]

1. e4 c5 2. Nf3 d6 3. Bb5+ Bd7 4. Bxd7+ Qxd7 5. O-O Nc6 6. c3 Nf6 7. d4 Nxe4 8.
d5 Nb8 9. Re1 Nf6 10. Bg5 Na6 11. c4 Nc7 12. Nc3 h6 13. Bxf6 gxf6 14. Nh4 O-O-O
15. Qf3 e6 16. Ne4 Be7 17. Rad1 Qe8 18. Nxf6 Qf8 19. Re4 h5 20. Rf4 Rh6 21.
dxe6 Nxe6 22. Rf5 Qh8 23. Nd5 Bxh4 24. Rxf7 Rd7 25. Rxd7 Kxd7 26. Qf7+ Kc8 27.
Re1 Qg7 28. Qe8+ Nd8 29. g3 Bf6 30. Re7 Bxe7 1/2-1/2

[Event "Qatar Masters Open 2014"]
[Site "Doha QAT"]
[Date "2014.12.01"]
[Round "6.50"]
[White "Vijayalakshmi, Subbaraman"]
[Black "Xu, Jun"]
[Result "1/2-1/2"]
[WhiteElo "2335"]
[BlackElo "2523"]
[PlyCount "237"]
[EventDate "2014.11.26"]
[EventType "swiss"]
[EventRounds "9"]
[EventCountry "QAT"]
[Source "lmi"]
[SourceDate "2014.11.26"]

1. d4 Nf6 2. c4 e6 3. Nc3 Bb4 4. Qc2 c5 5. dxc5 Bxc5 6. Nf3 Qb6 7. e3 Qc7 8.
Be2 b6 9. O-O a6 10. e4 Nc6 11. a3 Bb7 12. h3 Nd4 13. Nxd4 Bxd4 14. Bd3 Bxc3
15. Qxc3 Nxe4 16. Bxe4 Bxe4 17. Qd4 f5 18. Be3 O-O 19. f3 f4 20. Qxb6 Qxc4 21.
Rac1 Bc2 22. Bd4 Rac8 23. Rf2 Qd3 24. Bc5 Rc6 25. Qxc6 dxc6 26. Bxf8 Bb3 27.
Bb4 Bd5 28. Re1 Kf7 29. Bc3 g5 30. Rd2 Qb5 31. Rd4 c5 32. Rd2 Kg6 33. Kh2 Qc4
34. Re5 h6 35. Kg1 h5 36. Rf2 Qd3 37. h4 gxh4 38. Kh2 Qb1 39. Be1 Qc1 40. Rfe2
c4 41. Bxh4 c3 42. bxc3 Qxc3 43. Rxe6+ Bxe6 44. Rxe6+ Kf5 45. Rxa6 Qc7 46. Rf6+
Ke5 47. Rxf4 Kd5 48. Bg3 Qc2 49. a4 Kc6 50. Rf6+ Kb7 51. a5 Ka7 52. a6 Qd2 53.
Rd6 Qe3 54. Kh3 Qg1 55. Re6 Qh1+ 56. Bh2 Qc1 57. Rg6 Qd1 58. Rg5 Kxa6 59. Rxh5
Kb6 60. Rf5 Qf1 61. Be5 Kc6 62. Kh2 Kd5 63. Bg3+ Ke6 64. Re5+ Kf7 65. Re1 Qc4
66. Bf2 Qf4+ 67. Kg1 Kg6 68. Re3 Qd6 69. g4 Kg5 70. Kg2 Qc7 71. Re4 Qb8 72.
Be3+ Kg6 73. f4 Qb7 74. Kf3 Qd5 75. Bf2 Qb7 76. Bd4 Qd5 77. Ke3 Qb3+ 78. Kf2
Qd5 79. f5+ Kg5 80. Be3+ Kh4 81. Rd4 Qa2+ 82. Kf3 Kh3 83. g5 Qa8+ 84. Re4 Qd5
85. f6 Qf5+ 86. Rf4 Qxg5 87. Ke4 Qg2+ 88. Ke5 Qe2 89. Re4 Qh5+ 90. Ke6 Qe8+ 91.
Kf5 Qh5+ 92. Bg5 Qh7+ 93. Kf4 Qc7+ 94. Re5 Qc2 95. Re3+ Kg2 96. Kg4 Qc8+ 97.
Kh5 Qh8+ 98. Kg6 Qg8+ 99. Kf5 Qc8+ 100. Kf4 Qc7+ 101. Re5 Qc4+ 102. Kf5 Qc8+
103. Kf4 Qc4+ 104. Re4 Qc7+ 105. Kf5 Qc8+ 106. Re6 Qd7 107. Bf4 Kf3 108. f7
Qxf7+ 109. Rf6 Qd7+ 110. Kg6 Kg4 111. Rf7 Qe6+ 112. Kg7 Kh5 113. Rf6 Qd7+ 114.
Rf7 Qg4+ 115. Kf8 Qc8+ 116. Kg7 Qc3+ 117. Rf6 Qd4 118. Kf7 Qd7+ 119. Kf8
1/2-1/2

[Event "Qatar Masters Open 2014"]
[Site "Doha QAT"]
[Date "2014.12.01"]
[Round "6.51"]
[White "Donchenko, Alexander"]
[Black "Asgarizadeh, Ahmad"]
[Result "1-0"]
[WhiteElo "2523"]
[BlackElo "2371"]
[PlyCount "67"]
[EventDate "2014.11.26"]
[EventType "swiss"]
[EventRounds "9"]
[EventCountry "QAT"]
[Source "lmi"]
[SourceDate "2014.11.26"]

1. Nf3 Nf6 2. g3 d5 3. Bg2 c6 4. c4 Bg4 5. Ne5 Bf5 6. cxd5 cxd5 7. Qa4+ Nbd7 8.
Nc3 e6 9. g4 Bc2 10. Nxf7 Bxa4 11. Nxd8 Rxd8 12. Nxa4 Nxg4 13. Bh3 Nge5 14.
Bxe6 Nc5 15. Nxc5 Bxc5 16. d3 Rd6 17. Bh3 O-O 18. f3 Ng6 19. Bd2 Nf4 20. Bf1 d4
21. Rc1 Rd5 22. Rg1 h5 23. Kd1 Re5 24. Rc4 Bb6 25. b4 Nd5 26. Bh3 Nf4 27. Bc8
Re7 28. Bxf4 Rxf4 29. Rg5 h4 30. a4 a6 31. a5 Ba7 32. Bf5 Kf7 33. Be4 b6 34.
Rc6 1-0

[Event "Qatar Masters Open 2014"]
[Site "Doha QAT"]
[Date "2014.12.01"]
[Round "6.53"]
[White "Mista, Aleksander"]
[Black "Seyb, Alexander"]
[Result "0-1"]
[WhiteElo "2616"]
[BlackElo "2412"]
[PlyCount "80"]
[EventDate "2014.11.26"]
[EventType "swiss"]
[EventRounds "9"]
[EventCountry "QAT"]
[Source "lmi"]
[SourceDate "2014.11.26"]

1. e4 c5 2. Nf3 d6 3. d4 cxd4 4. Nxd4 Nf6 5. Nc3 a6 6. h3 e6 7. g4 d5 8. Bg2
Bb4 9. O-O Bxc3 10. bxc3 Nxe4 11. Bxe4 dxe4 12. Ba3 b5 13. f3 Qc7 14. Qe1 Bb7
15. fxe4 Nd7 16. Rd1 Ne5 17. Nb3 Nc4 18. Bc5 Rd8 19. Rd3 f6 20. g5 Qe5 21. Bd4
Qxg5+ 22. Rg3 Qh6 23. Nc5 Bc8 24. e5 f5 25. Kh2 O-O 26. Rfg1 Rf7 27. Rg5 Kh8
28. Qf2 Bb7 29. Nd3 f4 30. Nxf4 Rdf8 31. R1g4 Be4 32. Bc5 Nxe5 33. Rxe5 Rxf4
34. Rxf4 Rxf4 35. Qd4 Qh4 36. Rxe6 h6 37. Re8+ Kh7 38. Qg1 Rf3 39. Qg2 Qf4+ 40.
Kg1 Rg3 0-1

[Event "Qatar Masters Open 2014"]
[Site "Doha QAT"]
[Date "2014.12.01"]
[Round "6.54"]
[White "Vazquez, Guillermo"]
[Black "Karthikeyan, Murali"]
[Result "0-1"]
[WhiteElo "2374"]
[BlackElo "2497"]
[PlyCount "64"]
[EventDate "2014.11.26"]
[EventType "swiss"]
[EventRounds "9"]
[EventCountry "QAT"]
[Source "lmi"]
[SourceDate "2014.11.26"]

1. e4 c5 2. Nc3 a6 3. g3 b5 4. Bg2 Bb7 5. d3 e6 6. Nh3 b4 7. Nb1 Nf6 8. O-O d5
9. Nd2 Be7 10. Re1 O-O 11. exd5 Bxd5 12. Nf3 Nbd7 13. Nf4 Bb7 14. Nd2 Bxg2 15.
Nxg2 Nb6 16. Ne3 Nfd5 17. Nec4 Qc7 18. a3 a5 19. Qf3 Rfd8 20. Ne4 a4 21. h4
Nxc4 22. dxc4 Nf6 23. Bf4 Qb6 24. Bg5 Nxe4 25. Bxe7 Nd2 26. Qg2 Re8 27. Red1
Nxc4 28. axb4 cxb4 29. b3 Na3 30. Qe4 f5 31. Qg2 Nxc2 32. Ra2 Rac8 0-1

[Event "Qatar Masters Open 2014"]
[Site "Doha QAT"]
[Date "2014.12.01"]
[Round "6.55"]
[White "Ankit, R. Rajpara"]
[Black "Caprio, Guido"]
[Result "1/2-1/2"]
[WhiteElo "2494"]
[BlackElo "2401"]
[PlyCount "69"]
[EventDate "2014.11.26"]
[EventType "swiss"]
[EventRounds "9"]
[EventCountry "QAT"]
[Source "lmi"]
[SourceDate "2014.11.26"]

1. d4 Nf6 2. c4 e6 3. Nc3 d5 4. Nf3 Nbd7 5. Bg5 c6 6. e3 Qa5 7. cxd5 exd5 8.
Bd3 Ne4 9. O-O Nxg5 10. Nxg5 Nf6 11. Qc2 h6 12. Nf3 Bd6 13. Bf5 O-O 14. Rab1
Re8 15. a3 Bxf5 16. Qxf5 Qc7 17. Rfe1 Re6 18. Rbc1 Qe7 19. Nd2 Re8 20. Re2 g6
21. Qh3 Nh5 22. Rce1 f5 23. g3 Qf7 24. f3 Qf6 25. Qg2 f4 26. gxf4 Bxf4 27. exf4
Nxf4 28. Rxe6 Rxe6 29. Rxe6 Qxe6 30. Qg4 Qe3+ 31. Kf1 h5 32. Qc8+ Kh7 33. Qxb7+
Kh6 34. Qb8 Qxd2 35. Qf8+ 1/2-1/2

[Event "Qatar Masters Open 2014"]
[Site "Doha QAT"]
[Date "2014.12.01"]
[Round "6.56"]
[White "Christiansen, Johan-Sebastian"]
[Black "Carlsson, Pontus"]
[Result "1-0"]
[WhiteElo "2310"]
[BlackElo "2492"]
[PlyCount "69"]
[EventDate "2014.11.26"]
[EventType "swiss"]
[EventRounds "9"]
[EventCountry "QAT"]
[Source "lmi"]
[SourceDate "2014.11.26"]

1. Nf3 Nf6 2. c4 g6 3. g3 Bg7 4. Bg2 O-O 5. O-O d6 6. d4 c6 7. Nc3 Qa5 8. Qd2
Bg4 9. b3 e5 10. e3 Na6 11. a4 exd4 12. Nxd4 Qh5 13. Ba3 Rad8 14. Nce2 Rfe8 15.
Nf4 Qe5 16. Bb2 Qe7 17. Qa5 Nc5 18. h3 Bc8 19. Qxa7 Nfe4 20. b4 Nb3 21. Rad1
Nbd2 22. Bxe4 Nxe4 23. Ba1 Qg5 24. Nf3 Qh6 25. Bxg7 Qxg7 26. Qd4 g5 27. Nh5 Qg6
28. g4 f5 29. Nh2 Re5 30. Qxe5 Re8 31. Qd4 c5 32. bxc5 dxc5 33. Qd5+ Be6 34.
gxf5 Qxh5 35. Qxe4 1-0

[Event "Qatar Masters Open 2014"]
[Site "Doha QAT"]
[Date "2014.12.01"]
[Round "6.57"]
[White "Chandra, Akshat"]
[Black "Daulyte, Deimante"]
[Result "0-1"]
[WhiteElo "2489"]
[BlackElo "2364"]
[PlyCount "76"]
[EventDate "2014.11.26"]
[EventType "swiss"]
[EventRounds "9"]
[EventCountry "QAT"]
[Source "lmi"]
[SourceDate "2014.11.26"]

1. e4 e5 2. Nf3 Nc6 3. Bb5 a6 4. Ba4 Nge7 5. O-O g6 6. c3 Bg7 7. d4 exd4 8.
cxd4 b5 9. Bb3 O-O 10. Nc3 Na5 11. Be3 d6 12. h3 Nxb3 13. Qxb3 Rb8 14. Rac1 Bb7
15. d5 b4 16. Qxb4 Bxd5 17. Qa4 Bc6 18. Qc2 Qd7 19. Bd4 Bh6 20. Bf6 Qe6 21.
Bxe7 Qxe7 22. Rcd1 Bg7 23. Rfe1 Qd7 24. Nd4 Rfe8 25. Qd2 Rb4 26. Nxc6 Qxc6 27.
Rc1 Bxc3 28. Rxc3 Qb6 29. Rxc7 Rxb2 30. Rc2 Rxc2 31. Qxc2 d5 32. e5 d4 33. Qd2
Qc5 34. Qe2 a5 35. Kh2 Qd5 36. f4 d3 37. Qe4 d2 38. Qxd5 dxe1=Q 0-1